Commercial banks, the central bank, and endogenous money (Registro nro. 29385)
[ vista simple ]
| 000 -LEADER | |
|---|---|
| fixed length control field | 00357 a2200109 4500 |
| 001 - CONTROL NUMBER | |
| control field | ART_45725 |
| 005 - DATE AND TIME OF LATEST TRANSACTION | |
| control field | 20260410161940.0 |
| 008 - FIXED-LENGTH DATA ELEMENTS--GENERAL INFORMATION | |
| fixed length control field | 260409a |
| 100 1# - MAIN ENTRY--PERSONAL NAME | |
| Personal name | Wray, L. Randall |
| 245 10 - TITLE STATEMENT | |
| Title | Commercial banks, the central bank, and endogenous money |
| 773 0# - HOST ITEM ENTRY | |
| Title | Journal of post Keynesian economics |
| Related parts | - Vol. 14, Nº 3 (mar. 1992) |
| Record control number | REV26226 |
No hay ítems disponibles.